Public benefit (Record no. 121083)

MARC details
000 -LEADER
fixed length control field 00908nas a22002297a 4500
001 - CONTROL NUMBER
control field K121083
007 - PHYSICAL DESCRIPTION FIXED FIELD--GENERAL INFORMATION
fixed length control field ta
008 - FIXED-LENGTH DATA ELEMENTS--GENERAL INFORMATION
fixed length control field 190809b2019 ||||| |||| 00| 0 eng d
041 ## - LANGUAGE CODE
Language code of text/sound track or separate title eng
100 ## - MAIN ENTRY--PERSONAL NAME
Personal author Detter, Dag
245 ## - TITLE STATEMENT
Title Public benefit
490 ## - SERIES TITLE
Series statement RICS Property Journal
Volume July/August 2019, 26-27 (2)
520 ## - ABSTRACT
Abstract Suggests that using modern accounting techniques toestimates of publicly owned real estate around the world may be worth as much has global GDP. Countries such as Singapore and New Zealand use accrual accounting discusses the advantages of doing this.
650 ## - KEYWORDS
Keywords PUBLIC SECTOR
650 ## - KEYWORDS
Keywords ASSET MANAGEMENT
650 ## - KEYWORDS
Keywords ACCOUNTING
651 ## - SUBJECT ADDED ENTRY--GEOGRAPHIC NAME
Geographic name United Kingdom 1973
690 ## - LOCAL SUBJECT ADDED ENTRY--TOPICAL TERM (OCLC, RLIN)
9 (RLIN) 6250
Topical term or geographic name as entry element Investments
690 ## - LOCAL SUBJECT ADDED ENTRY--TOPICAL TERM (OCLC, RLIN)
9 (RLIN) 6241
Topical term or geographic name as entry element Finance & taxation
690 ## - LOCAL SUBJECT ADDED ENTRY--TOPICAL TERM (OCLC, RLIN)
9 (RLIN) 6273
Topical term or geographic name as entry element Valuation
856 ## - ONLINE RESOURCE
Uniform Resource Identifier https://issuu.com/ricsmodus/docs/property_journal_july-aug_2019/34
Link text Available free online via Issuu
Holdings
Withdrawn status Lost status Damaged status Not for loan Home library Current library Shelving location Date acquired Total Checkouts Date last seen Price effective from Koha item type
        Virtual Virtual Online 09/08/2019   09/08/2019 09/08/2019 Journal article